000 00257nam a2200109Ia 4500
005 20251222114410.0
008 251222s1900||||xx |||||||||||||| ||spa||
082 _aDVD0098/L85/1995
245 0 _aRicardo III.
264 _bKatselas Paré, Lisa
942 _cDVD
999 _c1988
_d1988